NZ country quiz - Statistics

General Stats
  • This quiz has been taken 119 times
  • The average score is 7 of 10
Answer Stats
Hint Answer % Correct
Capital Wellington
96%
Biggest city Auckland
95%
Indigenous people of NZ Maori
91%
National sport Rugby
87%
Traditional dance of indigenous Haka
80%
Indigenous name of NZ Aotearoa
75%
Town on South Island famous from the steepest street in the world Dunedin
57%
Zealand is the province of this country Netherlands
47%
Official Languages English , Maori
41%
Biggest islands North Island , South island
13%
No matching quizzes found
Score Distribution
Percent of People with Each Score
Percentile by Number Answered
Your Score History
You have not taken this quiz